000 00316nam a22001337a 4500
008 170327b xxu||||| |||| 00| 0 eng d
020 _a9780721697697
041 _aeng
080 _23 ED
_a615.83
100 _a8
101 _aSHM
245 _aPHYSAICAL EXAMINATION AND HEALTH ASSEMENT
_cJARVIS.C
942 _2udc
_cBK
999 _c8737
_d8737